00351nam a2200133Ia 4500003000400000008004100004040001600045082001600061100002500077245003900102260004500141300000800186650002300194GCL140319s9999 xx 000 0 eng d aGCL / cGCL04a862.08bG M1 aGALDOS, BENITO PEREZ10aMARIANELA / cGALDOS, BENITO PEREZ a[S.N] : bEL LIBRO DE BOLSILLO ، c1987 a26304aSPANISH LITERATURE